| 000 | 04584nam a2200277 a 4500 | ||
|---|---|---|---|
| 003 | OSt | ||
| 005 | 20251121131357.0 | ||
| 008 | 251118s2016 njua||||r|||| 00| 0 eng d | ||
| 020 | _a978-1-77188-270-5 | ||
| 040 |
_aCHAP _cPA _erda |
||
| 082 |
_aPA 632.3 _b.C43 2016 |
||
| 245 |
_aCrop Diseases and Their Management / _bIntegrated Approaches _ceditado por Gireesh Chand, Santosh Kumar |
||
| 264 |
_aOakville, Ontario : _bApple Academic Press, _c2016 |
||
| 300 |
_axvi,416 p. _bilustraciones, |
||
| 336 |
_2rdacontent _atexto _btxt |
||
| 337 |
_2rdamedia _asin medio _bn |
||
| 338 |
_2rdacarrier _avolumen _bnc |
||
| 505 | _aLista of Contributors.-- List Of Abbreviations.-- Preface.-- About the Editors.-- PART 1CEREAL AND PULSE CROPS.--1. Diseases and Management of Maize R. P. Singh, Mamta Singh, and Dinesh Singh.-- 2. Diseases of Pigeon Pea (Cajanus cajan L. Millsp.) and Their Management Ajay Kumar, Mahesh Singh, and Gireesh Chand.-- 3. Diseases of chickpea crop and Their Management Anil Kumar, Santosh Kumar, Sanjay Kumar, and Birendra Kumar.-- 4. Diseases of Urd/Mung Bean Crops and Their Management Sangita Sahni, Bishun D. Prasad, and Sunita Kumari.-- PART2- OIL SEED CROPS.-- 5. Groundnut Diseases and Their Management Santosh Kumar, Manoj Kumar, Amarendra Kumar, and Gireesh Chand.-- 6.Diseases of Soybean and Their Management Sunil Kumar.-- 7. Diseases of Linseed and Their Management Sunil Kumar.-- PART 3. HORTICULTURAL CROPS.-- 8.Nutritional Disorders of Citrus and Their Management J. N. Srivastava, P. K. Sharma, Upma Dutta, and Rakesh Kumar.-- 9. Fungal Diseases of Okra (Abelmoschus esculentus L.) and Their Integrated Disease Management (IDM) C. P. Khare, Sushma Nema, J. N. Srivastava, V. K. Yadav, and N. D. Sharma.-- 10.Recent Advances in the Diagnosis and Management of Major Diseases of Onion and Garlic in India R. K. Mishra, M. D. Ojha, V. S. Pandey, and R. B. Verma.-- 11. Damping-Off Disease of Seedling in Solanaceous Vegetable: Current Status and Management Strategies Kanika Pagoch, J. N. Srivastava, and Ashok Kumar Singh.-- 12.Downy Mildew of Cucurbits and Their Management C. P. Khare, J. N. Srivastava, P. K. Tiwari, A. Kotesthane, and V. S. Thrimurthi.-- 13.Diseases of Colocasia Crop and Their Management R. C. Shakywar, M. Pathak, and K. M. Singh.-- 14. Diseases of Rose Crop and Their Management R. C. Shakywar, K. S. Tomar, and R. K. Patidar.-- 15. Use of Stevia Rebaudiana and Its Diseases With Management K. K. Chandra.-- 16. Major Diseases of Betelvine and Their Management Prabhat Kumar, Shivnath Das, Ajit Kumar Pandey, and Santosh Kumar.-- PART 4. GENERAL ISSUES.-- 17. Diseases of Makhana and Their Management Sangita Sahni, Bishun D. Prasad, and Sunita Kumari.-- 18. Diseases of Jute and Sunhemp Crops and Thier Management Santosh Kumar, V. K. Singh, A. N. Tripathi, and Prabhat Kumar.-- 19. Mesta Pathosystems: An Overview A. N. Tripathi, R. K. De, P. N. Meena, V. Ramesh Babu, Y. R. Meena, S. Kumar, and V. K. Singh.-- 20.Characterization of Species and Parasitism in the Genus Alternaria Udit Narain, Sandhya Kant, and Gire.-- Index | ||
| 520 | _aEste importante y completo libro está diseñado para brindar información sobre las enfermedades de los cultivos y cómo manejarlas. Abarca una multitud de cultivos y enfermedades, y presenta enfoques integrados para el manejo de enfermedades que afectan a cultivos como: Cereales y hortalizas, como maíz, guandul, garbanzos y frijoles mungo/urd. Oleaginosas, como cacahuete, soja y lino. Cultivos hortícolas, como cítricos, cebollas, ajo, cucurbitáceas, colocasia, rosas, stevia rebaudiana, betel, yute y crotalaria. El libro cubre exhaustivamente los síntomas, las causas, los ciclos de las enfermedades y los enfoques de manejo para muchas enfermedades que afectan a cultivos agrícolas útiles. Editado por dos profesores e investigadores con años de experiencia en la enseñanza sobre enfermedades de los cultivos, este libro es adecuado para estudiantes de ciencias agrícolas y contribuye a cubrir los planes de estudio recientemente modificados en la India, que amplían la cobertura de las enfermedades de los cultivos. Enfermedades de los cultivos y su manejo es también una referencia útil para expertos en protección vegetal, especialistas en hortalizas, técnicos hortícolas y extensionistas. | ||
| 534 | _pTítulo original: | ||
| 650 | 0 |
_aPatología vegetal _9144627 |
|
| 650 | 0 |
_aMicroorganismos fitopatógenos - Control _9185032 |
|
| 700 |
_aChand, Gireesh, _eeditor _9191480 |
||
| 700 |
_aKumar, Santosh, _eeditor _9191490 |
||
| 942 |
_2ddc _cLIBRO |
||
| 999 |
_c233116 _d233116 |
||